The history of television

Bibliographic Details
Main Author: Marschall, Rick
Format: Book
Published: London : Bison Books , 1986
Subjects:

MARC

LEADER 00000cam a2200000 7i4500
001 0000000130
002 000000182
005 20090424.0
020 |a 0600502651 
090 0 0 |a 384.5509   |b MAR 
100 1 |a Marschall, Rick 
245 1 4 |a The history of television   |c Rick Marschall 
260 |a London :   |b Bison Books ,   |c 1986 
300 |a 255p. :   |b ill. ;   |c 31cm. 
650 0 0 |a Television broadcasting   |x History 
999 |a 015590   |b BUKU   |c PINJAMAN   |e PERPUSTAKAAN KOMUNITI PETALING JAYA